00715nam a2200181 a 450000500170000000800410001702000140005805000220007210000180009424500950011225000120020726000350021952001750025465000480042965000290047765000090050670000180051520140414132106.0100902s19uu xx 00 eng d a590446975 aM 612.8bC67 1999 aCole, Joanna. aThe magic school bus explores the senses /cby Joanna Cole ; illustrated by Bruce Degen. a1st ed. aNew York :bScholastic,c1999. aMs. Frizzle and her class explore the senses by traveling on the magic school bus in and out of an eye, ear, mouth, nose, and other parts of both human and animal bodies. aSenses and sensationx Juvenile literature. aSenses and sensation.x  a x  a Degen, Bruce